| 000 | 00563cam a22002053a 4500 | ||
|---|---|---|---|
| 001 | 43186 | ||
| 003 | PGUSA | ||
| 005 | 20140828084000.0 | ||
| 008 | 130710s2013||||xxu|||||s|||||000 | eng d | ||
| 040 |
_aPGUSA _beng |
||
| 042 | _adc | ||
| 100 | 1 |
_aNoyes, Alfred, _d1880-1958 |
|
| 245 | 1 | 0 |
_aWalking Shadows _h[electronic resource] / _cAlfred Noyes |
| 260 |
_bProject Gutenberg, _c2013 |
||
| 506 | _aPublic domain in the USA. | ||
| 516 | _aElectronic text | ||
| 830 | 0 |
_aProject Gutenberg _v43186 |
|
| 856 | 4 | 0 | _uhttp://www.gutenberg.org/ebooks/43186 |
| 942 | _cEB | ||
| 999 |
_c272437 _d272437 |
||